| 000 | 01326cab a2200205 4500 | ||
|---|---|---|---|
| 001 | ##ABS67435 | ||
| 008 | 040203n2004 000 0 eng u | ||
| 035 | _a(Sirsi) u124982 | ||
| 041 | 0 | _aeng | |
| 245 | 1 |
_aFinance special _bREITS |
|
| 260 | _c2004 | ||
| 490 | 0 |
_aEstates Gazette _v(0402) 10 January 2004,47-53(7) |
|
| 520 | _aFinance special examining REITs, following the government's commitment to public consultation on REITs in its December pre-budget report. Articles cover the development of REITS, their benefits and likely structure, the US REIT and French SIIC model, the views of Helical Bar and Pillar on the implications of UK REITs for the future of their businesses. "Treasury eyes take from shower of gold" suggests that the economic case for REITs is based on the vast equity inflow to property following on their introduction, with the opportunity for government to increase the tax take from property through the rapid expansion of the sector. Provides a table giving the estimated effect of the introduction of UK REITS on 10 major property companies. UK REITs may be announced in the 2005 budget. | ||
| 590 | _aABS | ||
| 651 | 4 | _aUNITED STATES | |
| 651 | 4 | _aFRANCE | |
| 651 | 4 |
_aUnited Kingdom _y |
|
| 690 | _aPROPERTY-PROPERTY FINANCE AND INVESTMENT-REAL ESTATE INVESTMENT TRUSTS | ||
| 942 | _n0 | ||
| 999 |
_c74093 _d74093 |
||